000 01637nam a22003737a 4500
003 CHAP
005 20220329143833.0
008 111124s2011 mx r 00010 spa d
010 _a102567
011 _a103539
035 _a114228
040 _cCHAP
090 _aTesis
100 1 _aGodínes Bazán, Guadalupe.
_948450
245 1 0 _aEvaluación del factor económico social y ambiental, de una granja orgánica modelo Efraím Hernández X., en la comunidad de Viborillas Huayacocotla, Veracruz
_h[En línea]
_c/por Guadalupe Godínes Bazán y Ana Laura Reyes Cuellar
260 _aChapingo, Méx. :
_bEl autor,
_c2011
500 _aPara ver el contenido del material haga clic en la liga
502 _aTesis (Lic. en Comercio Internacional de Productos Agropecuarios) -- UACH. División de Ciencias Económico Administrativas
590 _aALEPH
_b10
_c20130110
_lUCH01
_h1543
590 _aBATCH-UPD
_b10
_c20130110
_lUCH01
_h1139
590 _aBATCH-UPD
_b10
_c20130410
_lUCH01
_h0725
590 _aBATCH-UPD
_b10
_c20130913
_lUCH01
_h2234
590 _aBATCH-UPD
_b10
_c20140324
_lUCH01
_h1528
590 _aBATCH-UPD
_b10
_c20141002
_lUCH01
_h0852
590 _aCONVERSION
_b10
_c20130109
_lUCH01
_h1356
650 0 4 _aAgricultura orgánica.
_92005
650 0 4 _aAgricultura
_xAspectos económicos
_xVeracruz.
_91304
650 0 4 _aAlimentos orgánicos.
_94316
856 _3Finding aid
_uhttp://10.13.5.2/tesis/114228.pdf
_zTeclea aqui
901 _aBK
942 _cFOLL
949 _aTesis
_bBC
_cTES
_d33724002313644
_eTS1
_gDonaciØn
_h53046
_i114228
_st
949 _aTesis
_bBC
_cTES
_d33724002313686
_eTS2
_fc.2
_gDonaciØn
_h53047
_i114228
_st
999 _c102567
_d102567